000 00769nam a2200289Ia 4500
001 10072
005 20240113235203.0
007 ta
008 050730s1946 a g b000 u eng u
020 _cHB
040 _aCotton College,Assam
041 _aeng
082 _a370.15
_bF 83 Ed
100 _aFox, C. .
245 0 _aEducational Psychology: Its Problems and Methods /
_cC. Fox.
_hTextual Documents
250 _a1st ed. /
260 _aLondon :
_bKegan Paul, Trench Trubner & Co ,
_c1946.
300 _a442p. :
_bill. ;
_c22cm .
504 _aIndex
653 _aEducation-Psychology
653 _aPsychology
653 _aEducational Psychology
653 _aMS-Education
942 _2ddc
_cBK
999 _c10059
_d10059